LEADER 01127nam 2200385 450 001 9910467711303321 005 20190531141323.0 010 $a1-60650-992-6 035 $a(CKB)4100000007746428 035 $a(MiAaPQ)EBC5723009 035 $a(EXLCZ)994100000007746428 100 $a20190322d2019 uy 0 101 0 $aeng 135 $aurcnu|||||||| 181 $ctxt$2rdacontent 182 $cc$2rdamedia 183 $acr$2rdacarrier 200 10$aEndoscopic diagnostics in biomedicine $einstrumentation and applications /$fN. Sujatha 210 1$aNew York :$cMomentum Press, Engineering,$d2019. 215 $a1 online resource (101 pages) 225 1 $aBiomedical Engineering Collection 311 $a1-60650-991-8 410 0$aBiomedical engineering collection. 606 $aEndoscopy 608 $aElectronic books. 615 0$aEndoscopy. 676 $a616.3307545 700 $aSujatha$b N.$0920479 801 0$bMiAaPQ 801 1$bMiAaPQ 801 2$bMiAaPQ 906 $aBOOK 912 $a9910467711303321 996 $aEndoscopic diagnostics in biomedicine$92064497 997 $aUNINA LEADER 00946nam 2200361 450 001 9910317844703321 005 20221015204426.0 010 $a953-51-4622-X 010 $a953-51-3580-5 035 $a(CKB)4970000000099637 035 $a(NjHacI)994970000000099637 035 $a(EXLCZ)994970000000099637 100 $a20221015d2017 uy 0 101 0 $aeng 135 $aur||||||||||| 181 $ctxt$2rdacontent 182 $cc$2rdamedia 183 $acr$2rdacarrier 200 00$aLiposomes /$fedited by Angel Catala 210 1$aRijeka, Croatia :$cIntechOpen,$d2017. 210 4$dİ2017 215 $a1 online resource (326 pages) $cillustrations 311 $a953-51-3579-1 606 $aLiposomes 615 0$aLiposomes. 676 $a574.8734 702 $aCatala$b Angel 801 0$bNjHacI 801 1$bNjHacl 906 $aBOOK 912 $a9910317844703321 996 $aLiposomes$983649 997 $aUNINA